000 00910nam a22002897a 4500
001 0061952
003 KOHA_MİRAKIL
005 20260207004355.0
007 ta
008 180226b1989 tu |||gr||||#0|||1|eng |
020 _a088377125X
040 _aTR-BiSEU
_btur
_cTR-BiSEU
_erda
041 0 _aeng
044 _ctu
050 _aPE1128.A2
_bT44 1989
245 0 _aTeaching english as a second or foreign language/
_cMarianne Celce-Murcia, Lois McIntosh, editors..
264 1 _aRowley, Mass :
_bNewbury House Publishers
_c1989
300 _a389 pages; 27 cm.
336 _ametin
_btxt
_2rdacontent
337 _aaracısız
_bn
_2rdamedia
338 _acilt
_bnc
_2rdacarrier
500 _aIncludes bibliographical reference and index.
650 0 _aEnglish language--Study and teaching--Foreign speakers.
_911598
650 0 _aSecond language acquisitio
_9114957
907 _aDil
942 _2lcc
_cBK
999 _c61749
_d61749